00311 a2200109 4500001000700000020000600007040001100013100003300024240007000057245006500127362000900192170206 a  cMagnum aAgencia Regional de Noticias10aClipping em educacao - 27/11/00 a 03/12/00 - ano ii - nº 67lpor10aClipping em educacao - 27/11/00 a 03/12/00 - ano ii - nº 670 a1899